| 000 | 01015cam a2200301 i 4500 | ||
|---|---|---|---|
| 001 | 64546 | ||
| 003 | Mx-PuUPA | ||
| 005 | 20220802155957.0 | ||
| 008 | 160329s2021 mx a grb 000 0 spa d | ||
| 020 | _a9786075385891 | ||
| 040 |
_aMx-PuUPA _cMx-PuUPA _bspa _erda _dMx-PuUPA |
||
| 041 | 0 | _aspa | |
| 100 | 1 |
_912965 _aRamírez Soriano, Alba, _eautor |
|
| 245 | 1 | 0 |
_aPrevención de riesgos laborales : _bpersonal de cocina / _cAlba Ramírez Soriano |
| 250 | _aPrimera edición | ||
| 264 | 1 |
_aCiudad de México : _bAlfaomega Grupo Editor, _c©2021 |
|
| 300 |
_a100 páginas : _bilustraciones ; _c21 cm |
||
| 336 |
_atexto _btxt _2rdacontent |
||
| 337 |
_2rdamedia _asin medio _bn |
||
| 338 |
_2rdacarrier _avolumen _bnc |
||
| 490 | 0 | _aGuías PRL | |
| 650 | 7 |
_2armarc _aCocina _xMedidas de seguridad |
|
| 650 | 7 |
_2armarc _aRestaurantes _xMedidas de seguridad |
|
| 650 | 7 |
_2armarc _aSeguridad industrial |
|
| 942 |
_2ddc _cLI _h641.50289 _iR165 |
||
| 999 |
_c64546 _d64546 |
||